Switch ittal latex kittumo ? (Record no. 70105)

MARC details
000 -LEADER
fixed length control field 00309nam a2200133Ia 4500
100 ## - MAIN ENTRY--AUTHOR NAME
Personal name James
245 #0 - TITLE STATEMENT
Title Switch ittal latex kittumo ?
260 ## - PUBLICATION, DISTRIBUTION, ETC. (IMPRINT)
Name of publisher Karshakasree
Year of publication 2020
300 ## - PHYSICAL DESCRIPTION
Number of Pages 69
650 ## - SUBJECT ADDED ENTRY--TOPICAL TERM
Topical Term China
650 ## - SUBJECT ADDED ENTRY--TOPICAL TERM
Topical Term Rubber tapping machine
942 ## - ADDED ENTRY ELEMENTS (KOHA)
Koha item type Journals
Holdings
Withdrawn status Lost status Damaged status Not for loan Home library Current library Shelving location Date acquired Serial Enumeration / chronology Koha item type
      Journals RRII Library RRII Library General 17/12/2021 Volume 26, Issue 3 Journals